| 000 | 00510nam a2200157Ia 4500 | ||
|---|---|---|---|
| 008 | 170221s9999 xx 000 0 und d | ||
| 100 | _aM. Citra Ramadhan | ||
| 245 | _aIndonesian Traditional Arts Database: Future Legal Protection Act | ||
| 245 | _cM. Citra Ramadhan, Ivan Lanovara, Tan Kamello | ||
| 260 | _bStudies in Media and Communication | ||
| 260 | _c2012 | ||
| 300 | _a10 : | ||
| 650 | _xCommunication | ||
| 650 | _xMedia Arts | ||
| 856 | _uhttp://redfame.com/journal/index.php/smc/issue/view/21 | ||
| 999 |
_c309072 _d309072 |
||